000 00571nam a22001937a 4500
005 20251108164259.0
008 250721s1981 xx 000 0 ara d
082 1 4 _a375.001/نيك
100 1 _aنيكولز، أودري
245 1 0 _aتطوير المنهج :
_bمرشد علمي /
264 1 _aالقاهرة :
_bدار الثقافة،
_c1981.
300 _a179ص
650 1 7 _aالتربية
650 1 7 _aالمناهج
700 1 _aنيكولز، هوارد
700 1 _aسليمان، سعيد جميل
_eترجمة
942 _2ddc
_cBK
999 _c8259
_d8259